|
|
|
|
| LEADER |
01125nam a22002777a 4500 |
| 001 |
29774 |
| 003 |
BD-DhAAL |
| 005 |
20150819120321.0 |
| 008 |
150819s2013 enka 000 0 eng d |
| 020 |
|
|
|a 9780230443440
|
| 020 |
|
|
|a 9780230443426
|
| 040 |
|
|
|a BD-DhAAL
|c BD-DhAAL
|
| 082 |
0 |
0 |
|a 428.007
|
| 100 |
1 |
|
|a Bohlke, David.
|9 13958
|
| 245 |
0 |
0 |
|a Skillful reading & writing :
|b student's book: Foundation /
|c David Bohlke.
|
| 260 |
|
|
|a London :
|b Macmillan education;
|c c2013.
|
| 300 |
|
|
|a 110 p. :
|b col. ill. ;
|c 28 cm.
|
| 490 |
0 |
|
|a Macmillan academic skills
|
| 500 |
|
|
|a "With Digibook access" -- On cover.
|
| 541 |
|
|
|e 29774
|
| 650 |
|
0 |
|a English language
|x Study and teaching (Higher)
|9 13952
|
| 650 |
|
0 |
|a English language
|v Rhetoric
|x Problems, exercises, etc.
|9 13953
|
| 700 |
1 |
|
|a Zemach, Dorothy E. [series consultant]
|9 13955
|
| 942 |
|
|
|2 ddc
|c BK
|
| 999 |
|
|
|c 35289
|d 35289
|
| 952 |
|
|
|0 0
|1 0
|2 ddc
|4 0
|6 428_007000000000000_BOH
|7 0
|9 55445
|a BRACUL
|b BRACUL
|c GEN
|d 2015-08-19
|e BRAC Institute of Language (BIL)
|g 3104.00
|l 5
|o 428.007 BOH
|p 3010029774
|r 2025-02-05
|s 2025-01-15
|t 1
|w 2015-08-19
|y BK
|x Original price of this book: 25.4 Pound
|